000 00479nam a2200157 a 4500
001 000048489
005 20201002061206.0
008 190325s2014 dr r 000 spa d
040 _aDO-SdBNP
_bspa
_cBNPHU
082 _axxx
_bS235e
100 _aSantil Díaz, Javier
_965163
245 3 _aUn estudiante en apuros :
_bpero decidido a triunfar /
_cJavier Santil.
260 _a[Santo Domingo], :
_bMediabyte,
_c2014.
300 _a34 p. ;
_c18 cm.
590 _aInventariado, 2019 / DG
999 _c47977
_d47977